| 000 | 01128 a2200229 4500 | ||
|---|---|---|---|
| 001 | 31021 | ||
| 005 | 20260407155618.0 | ||
| 008 | 260407a1996 arg spa d | ||
| 003 | AR-UNSa-BCEJYS | ||
| 040 |
_aAR-UNSa-BCEJYS _bspa _cAR-UNSa-BCEJYS |
||
| 080 |
_a311.3 _xOrganización general de las estadisticas. Estadística oficial |
||
| 245 | 1 | 0 |
_aCenso Nacional Económico 1994. Información Complementaria _pResultados definitivos |
| 020 | _a950-896-011-6 | ||
| 264 | 1 |
_aBuenos Aires : _bINDEC _c1996 |
|
| 300 |
_a7 v. _c25 cm. |
||
| 505 | _aVol. I: Información complementaria -- Vol. II: Córdoba, Entre Ríos y Santa Fe -- Vol. III: Mendoza, San Juan y San Luis -- Vol. IV: Capital Federal, Buenos Aires y La Pampa -- Vol. V: Chubut, Neuquén, Río Negro, Santa Cruz y Tierra del Fuego -- Vol. VI: Corrientes, Chaco, Formosa y Misiones | ||
| 041 | _aspa | ||
| 942 | _cBK | ||
| 590 | _aniveau_biblio:m niveau_hierar:0 | ||
| 100 | 1 | _aInstituto Nacional de Estadística y Censos (INDEC) | |
| 856 | 4 | 1 |
_uhttps://biblioeco.unsa.edu.ar/pmb/images/revistas/Censo nacional economico 1994-r00775.jpg _yImagen de portada _qimage/jpeg |
| 999 |
_c2159 _d2159 |
||